San Eulogío de Córdoba

Guardat en:
Dades bibliogràfiques
Autor principal: Pérez de Urbel, Justo (Autor)
Format: Llibre
Idioma:espanyol
Publicat: Madrid Voluntad 1928
Col·lecció:Vidas de Santos Españoles
Matèries:
Etiquetes: Afegir etiqueta
Sense etiquetes, Sigues el primer a etiquetar aquest registre!

MARC

LEADER 00000nam a2200000 a 4500
001 UCI5124
003 CL-VaPUC
008 080314e19280000SP |||||||||||||||||spa|d
082 0 4 |a 922.22  |b PER  |2 21 
100 0 |a Pérez de Urbel, Justo  |e author  |9 527226 
245 1 0 |a San Eulogío de Córdoba 
300 |a 456 p 
942 |c BK 
945 |d 20080314 00:00:00  |a rbrito 
260 |a Madrid  |b Voluntad  |c 1928 
500 |a Donación Padres Capuchinos 
600 0 7 |a SAN EULOGIO DE CORDOBA  |2 CL-VaPUC  |9 527227 
650 0 |a Biografías  |9 255210 
650 7 |a SANTO  |2 CL-VaPUC  |9 526878 
650 0 |a Vida religiosa  |9 257284 
583 |a last modification  |c 20080314 00:00:00  |k Rodrigo Vera 
490 0 |a Vidas de Santos Españoles 
999 |c 328887  |d 328885 
952 |0 0  |1 0  |4 0  |6 922_220000000000000_PER_1928  |7 0  |8 X  |9 413069  |a FDOBUD  |b FDOBUD  |d 2019-11-22  |i 4410971  |o 922.22 PER 1928  |p 4410971  |r 2019-11-22  |w 2019-11-22  |y BK_X  |k BUD